000 00606nam a22002177a 4500
003 UA-OsUOA
001 71060
007 ta
008 20101001b un ||||| |||| 00| 0 ukr d
100 _aЛукащук В.
090 _a32
_bЛ84
942 _cSA
040 _aUA-OsUOA
_bukr
_cUA-OsUOA
_dUA-OsUOA
245 _aСучасний спорт і соціальні конфлікти
300 _aС.185-198
955 _a0
041 _aukr
080 _a32
773 0 _w71057
_tСоціологія: теорія, методи, маркетинг
_dК.
_d2010
_g3
650 7 _a32 Політика
_2UDC
999 _c357331
_d357331